Umelá inteligencia vo firemných procesoch

Zavedením prvkov umelej inteligencie do informačného systému podniku je možné čiastočne alebo aj úplne automatizovať niektoré procesy, čo môže priniesť zisk. Charakteristika umelej inteligencie. Multiagentový systém. Pojem logistika. Nasadenie umelej inteligencie v logistike. Jeden z modelov, ktoré...

Descrizione completa

Salvato in:
Dettagli Bibliografici
Autore principale: Pittner, Ján
Natura: Capitolo di libro
Lingua:slovacco
Soggetti:
Tags: Aggiungi Tag
Nessun Tag, puoi essere il primo ad aggiungerne!!

MARC

LEADER 00000nla$a2200000$$$4500
001 0114192
005 20240502072254.7
041 0 |a slo 
044 |a SK 
245 1 0 |a Umelá inteligencia vo firemných procesoch  |c Ján Pittner 
520 |a Zavedením prvkov umelej inteligencie do informačného systému podniku je možné čiastočne alebo aj úplne automatizovať niektoré procesy, čo môže priniesť zisk. Charakteristika umelej inteligencie. Multiagentový systém. Pojem logistika. Nasadenie umelej inteligencie v logistike. Jeden z modelov, ktoré boli vytvorené, aby simulovali zavedenie a popisovali funkcionalitu umelej inteligencie v podnikovej sfére. 
610 2 0 |a inteligencia umelá 
610 2 0 |a proces informačný 
610 2 0 |a procesy podnikové 
610 2 0 |a logistika 
610 2 0 |a informatizácia 
610 2 0 |a systémy informačné 
610 2 0 |a modely 
100 1 |a Pittner, Ján